Estadísticas para Prueba de Cantabria

Haz click aquí para intentar la prueba.

Estadísticas generales

  • Esta prueba ha sido intentada 1.038 veces
  • La puntuación promedio es 7 de 15

Estadísticas de respuestas

PreguntaRespuesta% Correcto
CapitalSantander
98%
Probablemente una de las empresas españolas más importantes{Banco} Santander
93%
Mar que limita con Cantabria al norteCantábrico
93%
Parte del único Patrimonio Mundial de la Unesco en CantabriaCueva de {Altamira}
76%
Tipo de estructura geográfica que discurre paralela a este mar con el mismo nombre del marCordillera
66%
Palacio Real en esa capitalPalacio de la {Magdalena}
56%
Este pueblo bonito se conoce como la villa de las tres mentirasSantillana del Mar
54%
Las guerras cántabras se lucharon entre los astures/cántabros y ...Romanos
40%
Teleférico de tramo único más largo de EuropaFuente Dé
33%
Edificio proyectado por Antoni Gaudí que se encuentra en CantabriaEl Capricho
30%
Hay cuatro formas de este deporte tradicional de CantabriaBolos
29%
Serie de televisión que se rueda en ese palacioGran Hotel
25%
El Ebro nace en esta localidadFontibre
21%
¿Quién es el/la patrón(a) de la comunidad?Virgen de la Bien Aparecida
15%
Este producto de Liébana tiene su propia denominación de origen protegidaMiel
14%

Distribución de puntuación

Porcentaje por número respondido

Porcentaje de gente con cada puntuación

Historial de tus puntuaciones

No has intentado esta prueba.